000 00271nam a2200109Ia 4500
008 180117s9999 xx 000 0 und d
245 _aSubmissions
260 _c2017
300 _a24-25 pages, 2017 March 5
440 _aPhilippine Panorama
650 _aMONKEY AND TURTLE
999 _c353361
_d353361